| 000 | 00350nam a2200133Ia 4500 | ||
|---|---|---|---|
| 008 | 150201s2012 xx 000 0 und d | ||
| 082 |
_a620.112 _bRAT |
||
| 100 | _aRattan,S.S | ||
| 245 | _aStrength of materials | ||
| 250 | _a2nd Ed. | ||
| 260 |
_bTata McGraw Hill Education Private Limited _aNew Delhi _c2012 |
||
| 300 | _a738p. | ||
| 942 |
_2ddc _cBK _012 |
||
| 999 |
_c5608 _d5608 |
||